Tratado de relaciones públicas para aplicar en cooperativas de ahorro y crédito /
Guardado en:
| Autor Corporativo: | |
|---|---|
| Formato: | Libro |
| Idioma: | Spanish |
| Publicado: |
Montevideo :
Centro de Investigación y Desarrollo Cooperativo,
1983.
|
| Materias: | |
| Etiquetas: |
Agregar Etiqueta
Sin Etiquetas, Sea el primero en etiquetar este registro!
|
| LEADER | 01058nam a2200181a 4500 | ||
|---|---|---|---|
| 001 | EAD.ead002439 | ||
| 008 | 080718s1983####uy#a##########000#0#spa#d | ||
| 005 | 20101020123240.0 | ||
| 245 | 1 | 0 | |a Tratado de relaciones públicas para aplicar en cooperativas de ahorro y crédito / |c Centro de Investigación y Desarrollo Cooperativo (CIDCOOP). |
| 260 | |a Montevideo : |b Centro de Investigación y Desarrollo Cooperativo, |c 1983. | ||
| 300 | |a 101 p. : |b il. ; |c 22 cm. | ||
| 500 | |a "Programa de educación y capacitación. Curso técnico "Promoción y difusión cooperativa". Taller de relaciones públicas aplicadas"--Portada. | ||
| 500 | |a Producción de los grupos de trabajo del Curso técnico taller de relaciones públicas aplicadas / dirección: Román Pérez Senac ; coordinación: Oscar J. Brian Regina. | ||
| 110 | 2 | |a Centro de Investigación y Desarrollo Cooperativo (Uruguay). | |
| 082 | 0 | 4 | |a 659.287 |2 21 |
| 650 | 7 | |a Relaciones públicas. |2 unbist | |
| 650 | 7 | |a Cooperativas de crédito. |2 isoc | |
| 859 | |a AR-BaBDC |b BIB. ADMINISTRACION GABCOOP - Libros |h 659.287 |i C333 |p g00666 | ||
